| 000 -LEADER |
| fixed length control field |
00609nam a22001937a 4500 |
| 008 - FIXED-LENGTH DATA ELEMENTS--GENERAL INFORMATION |
| fixed length control field |
151021b xxu||||| |||| 00| 0 eng d |
| 020 ## - INTERNATIONAL STANDARD BOOK NUMBER |
| International Standard Book Number |
0135616700 |
| 041 0# - LANGUAGE CODE |
| Language code of text/sound track or separate title |
eng |
| 080 ## - UNIVERSAL DECIMAL CLASSIFICATION NUMBER |
| Universal Decimal Classification number |
510.67 |
| 100 1# - Rafti |
| Rafti |
Maki, Daniel P. |
| 245 10 - TITLE STATEMENT |
| Title |
Mathematical models and applications, |
| Statement of responsibility, etc |
[by] Daniel P. Maki [and] Maynard Thompson. |
| 260 ## - |
| -- |
Englewood Cliffs, N.J., |
| -- |
Prentice-Hall |
| -- |
1973. |
| 300 ## - |
| -- |
xv, 492 f. |
| -- |
me il.; |
| -- |
24 cm. |
| 650 #0 - |
| -- |
Matematika |
| 650 #0 - |
| -- |
Modelet |
| 650 #0 - |
| -- |
Aplikimet |
| 700 1# - |
| -- |
Thompson, Maynard, |
| 942 ## - ADDED ENTRY ELEMENTS (KOHA) |
| Source of classification or shelving scheme |
|
| Item type |
Books |